Los siete rostros de Jesús : (Registro nro. 48823)

Detalles MARC
000 -LEADER
fixed length control field 02813nam a2200265Ia 4500
003 - CONTROL NUMBER IDENTIFIER
control field CO-CtgCURN
005 - DATE AND TIME OF LATEST TRANSACTION
control field 20250515203252.0
008 - FIXED-LENGTH DATA ELEMENTS--GENERAL INFORMATION
fixed length control field 190719s2009 xx 000 s spa d
020 ## - INTERNATIONAL STANDARD BOOK NUMBER
International Standard Book Number 9789587099256
040 ## - CATALOGING SOURCE
Original cataloging agency CO-CtgCURN
Language of cataloging spa
Transcribing agency coctgcurn
082 ## - DEWEY DECIMAL CLASSIFICATION NUMBER
Classification number 270
Item number C348
100 ## - MAIN ENTRY--PERSONAL NAME
Personal name Castells Tejón, Juan Manuel de
9 (RLIN) 684,
Relator term autor.
245 14 - TITLE STATEMENT
Title Los siete rostros de Jesús :
Remainder of title una historia diferente del origen del cristianismo /
Statement of responsibility, etc. Juan Manuel de Castells Tejón.
260 ## - PUBLICATION, DISTRIBUTION, ETC.
Place of publication, distribution, etc. Bogotá, Colombia :
Name of publisher, distributor, etc. Intermedio Editores,
Date of publication, distribution, etc. 2009.
300 ## - PHYSICAL DESCRIPTION
Extent 447 páginas ;
Dimensions 24 centímetros.
500 ## - GENERAL NOTE
General note Incluye introducción e índice.
504 ## - BIBLIOGRAPHY, ETC. NOTE
Bibliography, etc. note Incluye referencias bibliográficas (p. [441]-447)
505 ## - FORMATTED CONTENTS NOTE
Formatted contents note Pte. I. Credibilidad de los evangelios como relatos históricos --Errores geográficos y lingüístico -- Anacronismos y contradicciones históricas -- Contradicciones internas -- Fuentes de los evangelios -- Errores y tergiversaciones en la transmisión de los evangelios -- Pte. II. Los siete rostros de Jesús -- Un mundo en busca de nuevas ideas religiosas -- Jesús, el sabio cínico -- Jesús, el profeta -- Jesús, el mesías guerreo de la estirpe de David -- Jesús, el Dios que muere y resucita -- Jesús, el logos humanado -- Jesús, el revelador anóstico -- Jesús, el traumático -- Pte. III. Vestigios de otros cristianismos -- Vestigios de una comunidad de propietarios -- Rurales y predicadores itinerantes -- Los ebionitas o nazarenos, la comunidad del verdadero profeta -- Vestigios de un cristianismo mistérico -- Vestigios de un cristianismo del logos -- Supervivencia del cristianismo anóstico -- Vestigios y consecuencias de un cristianismo mágico
520 ## - SUMMARY, ETC.
Summary, etc. Este libro responde a estos y otros interrogantes presentando la tesis de una elaboración progresiva de los evangelios, cuyos autores compendiaron todas las creencias es del mundo judío de la diáspora y del mundo grecorromano. Para ello los evangelistas fueron incorporando sucesivamente los siete personajes que resumían la espiritualidad de ambos mundos. De esta forma, los evangelistas fueron incorporando sucesivamente los siete personajes que resumían la espiritualidad de ambos mundos: el Mesías davídico, el profeta apocalíptico, el filósofo estoico-cínico, el logos, el dios que muere y resucita, el taumaturgo y el revelador gnóstico. El análisis de las circunstancias históricas que motivaron la elaboración literaria que conocemos como nuevo testamento completa esta obra destinada a quienes creen que el origen del cristianismo no solo estudiarse a la luz de la fe.
521 ## - TARGET AUDIENCE NOTE
Target audience note AREA BASICA.
590 ## - LOCAL NOTE (RLIN)
Local note Todos los programas académicos
650 ## - SUBJECT ADDED ENTRY--TOPICAL TERM
Topical term or geographic name entry element Evangelios
9 (RLIN) 685.
942 ## - ADDED ENTRY ELEMENTS (KOHA)
Koha item type Libros
Classification part 270
Item part C277
Source of classification or shelving scheme Dewey Decimal Classification
Suppress in OPAC No
999 ## - SYSTEM CONTROL NUMBERS (KOHA)
-- 1
Existencias
Withdrawn status Lost status Source of classification or shelving scheme Damaged status Not for loan Collection Home library Current library Shelving location Date acquired Inventory number Total checkouts Full call number Barcode Date last seen Copy number Price effective from Koha item type Public note
    Dewey Decimal Classification     General Miguel Henríquez Castañeda Miguel Henríquez Castañeda General 05/23/2018 008754   270 C348 008754 07/19/2019 ej.1 07/19/2019 Libros 270-HISIC